La celestina o tragicomedia de calisto y melibea. /

Guardado en:
Autor Principal: Rojas, Fernando de
Formato: Libro
Publicado: Buenos Aires : Sopena Argentina, 1941
Materias:
Etiquetas: Agregar Etiqueta
Sin Etiquetas, Sea el primero en etiquetar este registro!
LEADER 00459nam a22001575a 4500
001 CEM.cems005521
005 20060221000000.0
008 130507s1941##################000#0#####d
003 CEMS
082 0 4 |a 862.2 
100 1 |a Rojas, Fernando de 
245 1 0 |a La celestina o tragicomedia de calisto y melibea. / 
260 |a Buenos Aires :  |b Sopena Argentina,  |c 1941 
300 |a 142 p. 
653 |a Literatura 
859 |a CEMS  |b BIB. CEMS - 11 de abril  |h 862.2  |i R638-1  |p 6414.78  |t Ej.1